000 00324cam a22001217a 4500
008 180718b1952 xxu||||| |||| 00| 0 eng d
082 _aB1 M199
100 _aMackenzie, J.S.
245 _aOutlines of social philosophy
_cby J.S. Mackenzie
260 _aLondon
_bAllen and Unwin
_c1952
300 _a284p.
650 _aSociology
999 _c373075
_d373075